| 000 | 01053nam a2200289Ia 4500 | ||
|---|---|---|---|
| 003 | OSt | ||
| 005 | 20221005110511.0 | ||
| 006 | a|||||r|||| 00| 0 | ||
| 007 | ta | ||
| 008 | 221004b |||||||| |||| 00| 0 hin d | ||
| 020 |
_a8171981968 (pbk) _c50 |
||
| 024 | _a35856 | ||
| 037 |
_b002, 24/09/2010, Independent Publishers Group _cTextual |
||
| 040 |
_aCRL _cCRL _bhin |
||
| 041 |
_2hin _ahin |
||
| 082 | _aO152,1M86,34:g, P8 | ||
| 100 | _aनगेन्द्र, ले. | ||
| 245 | 0 |
_aसाकेत _b एक अध्ययन |
|
| 246 | _aSāketa: ek adhyayana | ||
| 250 | _aसंस्करण 2 | ||
| 260 |
_aनई दिल्ली _bनेशनल पब्लिशिंग हाउस भारत _c2008 |
||
| 300 |
_a129पृ0 _ccm. |
||
| 650 | _a हिन्दी साहित्य | ||
| 650 | _aहिन्दी कविता | ||
| 942 |
_hO152,1M86,34:g, P8 _cTEXL _2cc |
||
| 999 |
_c1019017 _d1019017 |
||